Justice In Genes: evidential facets of forensic dna fingerprinting (Record no. 521793)

MARC details
000 -LEADER
fixed length control field 00507nam a2200181Ia 4500
008 - FIXED-LENGTH DATA ELEMENTS--GENERAL INFORMATION
fixed length control field 240821s9999 xx 000 0 und d
020 ## - INTERNATIONAL STANDARD BOOK NUMBER
Paper back/Hardbound hbk
041 ## - LANGUAGE CODE
Language code of text/sound track or separate title eng
082 ## - DEWEY DECIMAL CLASSIFICATION NUMBER
Classification number 363.25 DIN
100 ## - MAIN ENTRY--AUTHOR NAME
Personal name Dinkar, V.R.
245 #0 - TITLE STATEMENT
Title Justice In Genes: evidential facets of forensic dna fingerprinting
Statement of responsibility, etc / V.R. Dinkar
250 ## - EDITION STATEMENT
Edition statement 1st ed.
260 ## - PUBLICATION, DISTRIBUTION, ETC. (IMPRINT)
Name of publisher Asia Law House, Hydrabad, 2008.
300 ## - PHYSICAL DESCRIPTION
Number of Pages 335 p; 21cm.
650 ## - SUBJECT ADDED ENTRY--TOPICAL TERM
Topical Term Other social problems & services
942 ## - ADDED ENTRY ELEMENTS (KOHA)
Koha item type English Books
Holdings
Withdrawn status Lost status Damaged status Not for loan Home library Current library Shelving location Date acquired Cost, normal purchase price Full call number Accession Number Price effective from Koha item type
        Anna Centenary Library Anna Centenary Library 4TH FLOOR, A WING 21.08.2024 335.00 363.25 DIN 665554 21.08.2024 English Books
        Anna Centenary Library Anna Centenary Library 4TH FLOOR, A WING 21.08.2024 335.00 363.25 DIN 665555 21.08.2024 English Books

Find us on the map